[Event "GRE-chT 49th"]
[Site "Thessaloniki"]
[Date "2022.08.12"]
[Round "1"]
[White "Angelis, Mihail"]
[Black "Romanos, Theodoros"]
[Result "1-0"]
[WhiteElo "2119"]
[BlackElo "2063"]
[PlyCount "85"]
[EventDate "2022.08.12"]
[EventType "team-swiss"]
[EventRounds "7"]
[EventCountry "GRE"]
[SourceTitle "EXT 2024"]
[Source "ChessBase"]
[SourceDate "2023.10.10"]
[SourceVersion "1"]
[SourceVersionDate "2023.10.10"]
[SourceQuality "1"]
[WhiteTeam "Volou SE"]
[BlackTeam "Polygyrou ASO"]
[WhiteTeamCountry "GRE"]
[BlackTeamCountry "GRE"]

1. Nf3 d5 2. d4 Nf6 3. c4 e6 4. g3 dxc4 5. Bg2 a6 6. Ne5 Bb4+ 7. Bd2 a5 8. e3 0-0 9. 0-0 Nbd7 10. Nxc4 Nd5 11. Nc3 Bxc3 12. bxc3 b5 13. Na3 Ba6 14. Re1 c5 15. Rb1 Rb8 16. Bf1 c4 17. e4 Ne7 18. f4 Qc7 19. Nc2 Nb6 20. a3 f5 21. Qe2 Rfe8 22. Bg2 Qd7 23. g4 fxe4 24. Qxe4 Ned5 25. Bh3 Na4 26. Qf3 Bb7 27. Qg3 Nf6 28. Re5 Ne4 29. Qe3 Nxd2 30. Qxd2 Qc6 31. d5 exd5 32. Nd4 Qd6 33. Rxe8+ Rxe8 34. Rxb5 Qxa3 35. Rxb7 Nxc3 36. Bg2 Qa1+ 37. Kf2 Nd1+ 38. Kg3 Re3+ 39. Bf3 c3 40. Qc2 Nb2 41. Rb8+ Kf7 42. Qf5+ Ke7 43. Rb7+ 1-0

[Event "Agios Ioannis Pelion op 1st"]
[Site "Agios Ioannis"]
[Date "2018.06.21"]
[Round "7"]
[White "Nikolaidis, Ioannis"]
[Black "Angelis, Mihail"]
[Result "1-0"]
[WhiteElo "2537"]
[BlackElo "2148"]
[PlyCount "47"]
[EventDate "2018.06.16"]
[EventType "swiss"]
[EventRounds "9"]
[EventCountry "GRE"]
[SourceTitle "CBM 185 Extra"]
[Source "ChessBase"]
[SourceDate "2018.07.29"]
[SourceVersion "1"]
[SourceVersionDate "2018.07.29"]
[SourceQuality "1"]

1. Nf3 Nf6 2. c4 e6 3. g3 a6 4. Bg2 b5 5. b3 Bb7 6. Nc3 b4 7. Na4 Be7 8. 0-0 0-0 9. Bb2 d6 10. d4 Nbd7 11. d5 e5 12. Ne1 a5 13. a3 Rb8 14. axb4 axb4 15. Nc2 Ba8 16. Qd2 e4 17. Nxb4 Nc5 18. Qc3 Nh5 19. Nxc5 Rxb4 20. Qxb4 dxc5 21. Qa5 f5 22. Be5 Bd6 23. Bxd6 Qxd6 24. Qa6 1-0

[Event "Agios Ioannis Pelion op 1st"]
[Site "Agios Ioannis"]
[Date "2018.06.20"]
[Round "6"]
[White "Angelis, Mihail"]
[Black "Papapostolou, Apostolos"]
[Result "1/2-1/2"]
[WhiteElo "2148"]
[BlackElo "1920"]
[PlyCount "48"]
[EventDate "2018.06.16"]
[EventType "swiss"]
[EventRounds "9"]
[EventCountry "GRE"]
[SourceTitle "CBM 185 Extra"]
[Source "ChessBase"]
[SourceDate "2018.07.29"]
[SourceVersion "1"]
[SourceVersionDate "2018.07.29"]
[SourceQuality "1"]

1. Nf3 Nf6 2. d4 g6 3. c4 Bg7 4. g3 0-0 5. Bg2 d6 6. 0-0 Nc6 7. d5 Na5 8. Nfd2 c5 9. a3 Qc7 10. Qc2 b6 11. b4 cxb4 12. axb4 Nb7 13. Bb2 a5 14. e4 Bd7 15. bxa5 Rxa5 16. Nc3 b5 17. Rxa5 Nxa5 18. cxb5 Bxb5 19. Rc1 Rc8 20. Qb1 Bd7 21. Ne2 Qb6 22. Rxc8+ Bxc8 23. Qc2 Ba6 24. Bd4 Qb4 1/2-1/2

[Event "Agios Ioannis Pelion op 1st"]
[Site "Agios Ioannis"]
[Date "2018.06.18"]
[Round "4"]
[White "Angelis, Mihail"]
[Black "Mastrovasilis, Athanasios"]
[Result "1/2-1/2"]
[WhiteElo "2148"]
[BlackElo "2501"]
[PlyCount "90"]
[EventDate "2018.06.16"]
[EventType "swiss"]
[EventRounds "9"]
[EventCountry "GRE"]
[SourceTitle "CBM 185 Extra"]
[Source "ChessBase"]
[SourceDate "2018.07.29"]
[SourceVersion "1"]
[SourceVersionDate "2018.07.29"]
[SourceQuality "1"]

1. Nf3 d5 2. g3 Nf6 3. c4 c6 4. d4 Bg4 5. Ne5 Bf5 6. Nc3 Nbd7 7. Bg2 e6 8. 0-0 Be7 9. b3 0-0 10. Bb2 h6 11. Rc1 a5 12. Re1 Nxe5 13. dxe5 Ne4 14. cxd5 Nxc3 15. Bxc3 cxd5 16. e4 dxe4 17. Bxe4 Bxe4 18. Rxe4 Rc8 19. Qe1 Qd3 20. Re3 Qb5 21. Rd1 Rfd8 22. Rxd8+ Bxd8 23. Qd1 Bb6 24. Rd3 Rc5 25. Qf3 Rd5 26. Rxd5 exd5 27. e6 fxe6 28. Qg4 Qd7 29. Bxg7 h5 30. Qg6 Qf7 31. Qxf7+ Kxf7 32. Bb2 Kg6 33. Kg2 Kf5 34. f3 e5 35. Kf1 e4 36. Ke2 d4 37. fxe4+ Kxe4 38. h3 Bc7 39. g4 Be5 40. Ba3 d3+ 41. Kd1 hxg4 42. hxg4 b5 43. Be7 Bf4 44. a4 bxa4 45. bxa4 Kf3 1/2-1/2

[Event "Athens Acropolis op"]
[Site "Athens"]
[Date "2008.08.16"]
[Round "8"]
[White "Pavlidis, Anastasios"]
[Black "Angelis, Mihail"]
[Result "1-0"]
[WhiteElo "2270"]
[BlackElo "2224"]
[PlyCount "69"]
[EventDate "2008.08.09"]
[EventType "swiss"]
[EventRounds "9"]
[EventCountry "GRE"]
[SourceTitle "CBM 125 Extra"]
[Source "ChessBase"]
[SourceDate "2008.09.01"]
[SourceVersion "1"]
[SourceVersionDate "2008.09.01"]
[SourceQuality "1"]

1. e4 c6 2. d4 d5 3. Nd2 dxe4 4. Nxe4 Bf5 5. Ng3 Bg6 6. h4 h6 7. Nf3 Nd7 8. h5 Bh7 9. Bd3 Bxd3 10. Qxd3 e6 11. Bf4 Ngf6 12. 0-0-0 Nd5 13. Bd2 Nb4 14. Bxb4 Bxb4 15. c4 b5 16. c5 Ba5 17. Ne4 Bc7 18. Qe3 Qb8 19. Ne5 Nxe5 20. dxe5 Bxe5 21. Nd6+ Bxd6 22. Rxd6 0-0 23. g4 Rd8 24. Rhd1 Rxd6 25. Rxd6 Qc7 26. Qd2 Rc8 27. f4 Qe7 28. g5 e5 29. gxh6 gxh6 30. Qe3 Re8 31. Rxh6 Kg7 32. f5 e4 33. f6+ Qxf6 34. Rxf6 Kxf6 35. Qd4+ 1-0

[Event "Athens Acropolis op"]
[Site "Athens"]
[Date "2008.08.15"]
[Round "7"]
[White "Angelis, Mihail"]
[Black "Makka, Evanthia"]
[Result "1-0"]
[WhiteElo "2224"]
[BlackElo "2099"]
[PlyCount "103"]
[EventDate "2008.08.09"]
[EventType "swiss"]
[EventRounds "9"]
[EventCountry "GRE"]
[SourceTitle "CBM 125 Extra"]
[Source "ChessBase"]
[SourceDate "2008.09.01"]
[SourceVersion "1"]
[SourceVersionDate "2008.09.01"]
[SourceQuality "1"]

1. Nf3 d5 2. g3 c6 3. Bg2 Bg4 4. d3 Nf6 5. Nbd2 Nbd7 6. 0-0 h6 7. b3 e5 8. e4 Bd6 9. Bb2 0-0 10. Qe1 Re8 11. h3 Be6 12. a3 dxe4 13. dxe4 Qc7 14. Qe2 Nb6 15. Rac1 Rad8 16. c4 c5 17. Nb1 Nfd7 18. Nc3 f6 19. Nd5 Qc8 20. Kh2 Nf8 21. Ne1 Bf7 22. Nc2 Ne6 23. Nce3 Nd4 24. Qd3 Qb8 25. Nc2 Bf8 26. Rce1 Nc8 27. f4 Ne7 28. Nxd4 exd4 29. Rb1 b6 30. Bc1 Qc8 31. Bd2 Qc6 32. Rf2 Qd7 33. Rbf1 Rc8 34. a4 Rb8 35. g4 Rbc8 36. Kh1 Rcd8 37. Qg3 Kh8 38. h4 Nxd5 39. cxd5 Bg8 40. f5 Bd6 41. Bf4 Bxf4 42. Rxf4 Bh7 43. g5 Qd6 44. Rg1 Rd7 45. Bf1 Red8 46. Bd3 Re7 47. Qf3 Rc7 48. Rfg4 Qf8 49. Qf4 Qd6 50. gxf6 gxf6 51. Qxh6 Qe7 52. d6 1-0

[Event "Athens Acropolis op"]
[Site "Athens"]
[Date "2008.08.10"]
[Round "2"]
[White "Angelis, Mihail"]
[Black "Manelidou, Maria"]
[Result "1-0"]
[WhiteElo "2224"]
[BlackElo "1975"]
[PlyCount "109"]
[EventDate "2008.08.09"]
[EventType "swiss"]
[EventRounds "9"]
[EventCountry "GRE"]
[SourceTitle "CBM 125 Extra"]
[Source "ChessBase"]
[SourceDate "2008.09.01"]
[SourceVersion "1"]
[SourceVersionDate "2008.09.01"]
[SourceQuality "1"]

1. Nf3 Nf6 2. g3 e6 3. Bg2 d5 4. d4 b5 5. 0-0 Bb7 6. a4 c6 7. c3 Nbd7 8. Nbd2 Bd6 9. e4 dxe4 10. Ng5 Be7 11. Ngxe4 a6 12. Re1 0-0 13. Nxf6+ Nxf6 14. Nf3 Qc8 15. Qe2 bxa4 16. Rxa4 c5 17. dxc5 Bxc5 18. Be3 Bxe3 19. Qxe3 Rd8 20. Rea1 Rb8 21. Qe2 Rd6 22. Rc4 Qd8 23. Nd4 Bxg2 24. Kxg2 Rdb6 25. b4 Qd6 26. Rc5 Nd5 27. Qc4 Ne7 28. Re1 g6 29. h4 h5 30. Re2 Nd5 31. Ra2 Kg7 32. Nc6 Ra8 33. Qd4+ Kg8 34. Ne5 Qe7 35. Nc4 Rbb8 36. Rca5 Rd8 37. Qe5 Qb7 38. Kh2 Ne7 39. Rc5 Rd1 40. f3 Qxf3 41. Rg2 Rad8 42. Qe2 Qxe2 43. Rxe2 Rc1 44. Ne5 Nd5 45. Rf2 Rxc3 46. Rxf7 Re3 47. Rd7 Rxd7 48. Nxd7 Nxb4 49. Rg5 Rd3 50. Rxg6+ Kh8 51. Nf6 Rd8 52. Nxh5 e5 53. Re6 Rd5 54. Re8+ Kh7 55. Nf6+ 1-0

[Event "Kavala op 13th"]
[Site "Kavala"]
[Date "2004.08.05"]
[Round "7"]
[White "Szabo, Zsolt Jozsef"]
[Black "Angelis, Mihail"]
[Result "1-0"]
[WhiteElo "2437"]
[BlackElo "2271"]
[PlyCount "73"]
[EventDate "2004.07.31"]
[EventType "swiss"]
[EventRounds "9"]
[EventCountry "GRE"]
[SourceTitle "CBM 101 Extra"]
[Source "ChessBase"]
[SourceDate "2004.09.01"]
[SourceVersion "2"]
[SourceVersionDate "2004.09.01"]
[SourceQuality "1"]

1. e4 g6 2. d4 Bg7 3. Nc3 c6 4. Nf3 Nh6 5. h3 f6 6. Bd3 Nf7 7. 0-0 0-0 8. Re1 e6 9. e5 f5 10. Ne2 Na6 11. h4 b6 12. Nf4 Nc7 13. Bc4 Nd5 14. Nd3 h6 15. Bb3 b5 16. a4 bxa4 17. Rxa4 Nh8 18. c4 Nc7 19. Bd2 Rf7 20. Ba5 Bb7 21. Nc5 Qc8 22. d5 Na6 23. Nxa6 Bxa6 24. dxe6 dxe6 25. c5 Bb5 26. Rd4 Kh7 27. Rd8 Qb7 28. Rxa8 Qxa8 29. Bxe6 Re7 30. Ba2 Qe8 31. e6 Bxb2 32. Bd8 Rd7 33. e7 a5 34. h5 a4 35. hxg6+ Nxg6 36. Ng5+ Kh8 37. Qh5 1-0

[Event "Kavala op 10th"]
[Site "Kavala"]
[Date "2001.08.28"]
[Round "8"]
[White "Vasilev, Milen"]
[Black "Angelis, Mihail"]
[Result "1-0"]
[WhiteElo "2377"]
[BlackElo "2266"]
[PlyCount "95"]
[EventDate "2001.08.21"]
[EventType "swiss"]
[EventRounds "9"]
[EventCountry "GRE"]
[SourceTitle "EXT 2002"]
[Source "ChessBase"]
[SourceDate "2001.11.25"]
[SourceVersion "1"]
[SourceVersionDate "2001.11.25"]
[SourceQuality "1"]

1. d4 Nf6 2. Bg5 Ne4 3. Bh4 d5 4. f3 Nd6 5. Nc3 Nf5 6. Bf2 c5 7. dxc5 d4 8. Ne4 Nc6 9. g4 Nh6 10. e3 Qa5+ 11. Qd2 Nb4 12. c3 dxc3 13. Nxc3 Bd7 14. 0-0-0 0-0-0 15. a3 Nc6 16. Nb5 Qa4 17. Qc2 Qxc2+ 18. Kxc2 a6 19. Nc3 e5 20. b4 f5 21. h3 e4 22. Nd5 Nxb4+ 23. axb4 Ba4+ 24. Kc1 Bxd1 25. Nb6+ Kb8 26. Bh4 g5 27. Bxg5 Bg7 28. Bxd8 Rxd8 29. Ne2 exf3 30. Nf4 Bb3 31. Bc4 Bxc4 32. Nxc4 Bc3 33. Kc2 Bxb4 34. Nd3 a5 35. g5 Ng8 36. Rf1 Ne7 37. Rxf3 Kc7 38. Rf4 Kc6 39. Rh4 Rh8 40. Rh6+ Kd7 41. h4 Ke8 42. h5 Rg8 43. Rxh7 Rxg5 44. Nd6+ Kd7 45. Nxb7 Ke6 46. Nf4+ Kd7 47. h6 a4 48. Rxe7+ 1-0

[Event "Kavala op 10th"]
[Site "Kavala"]
[Date "2001.08.26"]
[Round "6"]
[White "Dochev, Dimitar"]
[Black "Angelis, Mihail"]
[Result "1-0"]
[WhiteElo "2382"]
[BlackElo "2266"]
[PlyCount "63"]
[EventDate "2001.08.21"]
[EventType "swiss"]
[EventRounds "9"]
[EventCountry "GRE"]
[SourceTitle "EXT 2002"]
[Source "ChessBase"]
[SourceDate "2001.11.25"]
[SourceVersion "1"]
[SourceVersionDate "2001.11.25"]
[SourceQuality "1"]

1. e4 c6 2. d4 d5 3. e5 Bf5 4. Nf3 e6 5. a3 Ne7 6. Nbd2 Nc8 7. Be2 Be7 8. 0-0 0-0 9. b3 c5 10. dxc5 Bxc5 11. b4 Bb6 12. c4 Nc6 13. Bb2 d4 14. Re1 f6 15. c5 Bc7 16. exf6 a6 17. fxg7 Re8 18. Nc4 e5 19. Bd3 e4 20. Bc2 Be6 21. Nfd2 Bd5 22. Bxe4 Bxe4 23. Nxe4 Bxh2+ 24. Kxh2 Qh4+ 25. Kg1 Rxe4 26. Qf3 Rxe1+ 27. Rxe1 N8e7 28. Nd6 Kxg7 29. Qf7+ Kh8 30. Re4 Qg5 31. Rxd4 Ne5 32. Rg4 1-0

[Event "Chania op 5th"]
[Site "Chania"]
[Date "1995.??.??"]
[Round "7"]
[White "Tsihlis, Georgios"]
[Black "Angelis, Mihail"]
[Result "0-1"]
[WhiteElo "2070"]
[BlackElo "2270"]
[PlyCount "94"]
[EventDate "1995.08.??"]
[EventType "swiss"]
[EventRounds "9"]
[EventCountry "GRE"]
[SourceTitle "EXT 1997"]
[Source "ChessBase"]
[SourceDate "1996.11.15"]
[SourceVersion "1"]
[SourceVersionDate "1996.11.15"]
[SourceQuality "1"]

1. e4 c6 2. d4 d5 3. Nc3 dxe4 4. Nxe4 Nd7 5. Bc4 Ndf6 6. Ng5 e6 7. Ne2 Ne7 8. 0-0 Ned5 9. Re1 h6 10. Nf3 Bd6 11. Ng3 0-0 12. Bf1 b5 13. Ne5 Bb7 14. c4 bxc4 15. Bxc4 c5 16. Be3 Nxe3 17. Rxe3 cxd4 18. Qxd4 Qc7 19. Re2 Bxe5 20. Rxe5 Rac8 21. b3 Rfd8 22. Qb2 Qc6 23. f3 Rd6 24. Qf2 a6 25. Ne4 Nxe4 26. Rxe4 Rcd8 27. Re2 Rd4 28. Rae1 Qd6 29. h3 a5 30. Bb5 Qb4 31. Bc4 a4 32. Kh2 a3 33. Kg1 Qd6 34. Re5 Ba6 35. Bxa6 Qxa6 36. R5e4 Rd2 37. R4e2 Qa5 38. Qe3 R8d3 39. Qf2 Qc3 40. Rxd2 Rxd2 41. Re2 Qa1+ 42. Kh2 Rxe2 43. Qxe2 Qb2 44. Qe4 Qxa2 45. Qa8+ Kh7 46. Qe4+ g6 47. Qf4 Qb2 0-1

[Event "Katerini GP"]
[Site "Katerini"]
[Date "1993.??.??"]
[Round "8"]
[White "Angelis, Mihail"]
[Black "Ghinda, Mihail Viorel"]
[Result "0-1"]
[WhiteElo "2275"]
[BlackElo "2455"]
[PlyCount "72"]
[EventDate "1993.08.??"]
[EventType "swiss"]
[EventRounds "9"]
[EventCountry "GRE"]
[SourceTitle "EXT 2000"]
[Source "ChessBase"]
[SourceDate "1999.11.16"]
[SourceVersion "1"]
[SourceVersionDate "1999.11.16"]
[SourceQuality "1"]

1. e4 c5 2. Nf3 d6 3. d4 cxd4 4. Nxd4 Nf6 5. Nc3 e6 6. Be3 a6 7. f3 b5 8. Qd2 Bb7 9. g4 Qa5 10. 0-0-0 b4 11. Nce2 d5 12. Kb1 dxe4 13. Nb3 Qc7 14. Bf4 Qd7 15. Qc1 Qc8 16. fxe4 Bxe4 17. Rg1 Nbd7 18. Ng3 Bf3 19. Re1 Bc5 20. Nxc5 Qxc5 21. Bd3 0-0 22. Re3 Bc6 23. g5 Ng4 24. Ne4 Bxe4 25. Rxg4 Bxd3 26. Rxd3 Ne5 27. Bxe5 Qxe5 28. Rxb4 Qxh2 29. Rbd4 e5 30. Rd7 e4 31. R3d4 Rae8 32. Qe3 Qh1+ 33. Rd1 Qf3 34. Re1 Rd8 35. Rxd8 Rxd8 36. Kc1 h6 0-1

[Event "Komotini GP"]
[Site "Komotini"]
[Date "1993.??.??"]
[Round "2"]
[White "Arnason, Jon Loftur"]
[Black "Angelis, Mihail"]
[Result "1/2-1/2"]
[WhiteElo "2530"]
[BlackElo "2275"]
[PlyCount "55"]
[EventDate "1993.08.??"]
[EventType "swiss"]
[EventRounds "9"]
[EventCountry "GRE"]
[SourceTitle "TD"]
[Source "ChessBase"]
[SourceDate "1994.03.01"]
[SourceVersion "1"]
[SourceVersionDate "1994.03.01"]
[SourceQuality "1"]

1. c4 Nf6 2. Nf3 e6 3. g3 a6 4. Bg2 b5 5. b3 c5 6. Nc3 Qb6 7. e4 d6 8. 0-0 Bb7 9. d3 Nbd7 10. Nh4 Be7 11. f4 0-0 12. g4 b4 13. Na4 Qc7 14. g5 g6 15. f5 exf5 16. exf5 Bxg2 17. Nxg2 Nh5 18. f6 Bd8 19. Ne3 Re8 20. Nd5 Qc8 21. Bf4 Nxf4 22. Rxf4 Re5 23. h4 Rb8 24. Qf3 Nf8 25. Re4 Rxe4 26. Qxe4 Qh3 27. Rf1 Qg3+ 28. Kh1 1/2-1/2